Princesses Disney dans Ralph 2.0 - Statistiques

Statistiques générales
  • Ce quiz a été pris 41 fois
  • Le résultat moyen est 13 sur 14
Statistiques - réponses
Arme Princesse % Correct
Pomme Empoisonnée Blanche-Neige
100%
Pantoufle de verre brisée Cendrillon
100%
Livre Belle
97%
Glace Elsa
97%
Sabre Mulan
95%
Lampe Jasmine
92%
Poêle Raiponce
92%
Rouleau à pâtisserie Tiana
89%
Fourchette Ariel
86%
Rouet Aurore
86%
Poings Anna
84%
Pagaie Vaiana
84%
Arc Mérida
81%
Bâton Pocahontas
78%
Aucun quiz correspondant
Distribution des résultats
% des personnes avec chaque résultat
Percentile par nombre de réponses
Votre historique - résultats
Vous n’avez pas pris ce quiz